Statistics for Name the Top 50 Players in the 2019 NBA Playoffs

Click here to take the quiz!

General Stats

  • This quiz has been taken 26 times
  • The average score is 33 of 50

Answer Stats

Answer% Correct
DeMarcus Cousin
95%
Damian Lillard
91%
Draymond Green
91%
Giannis Antetokounmpo
91%
James Harden
91%
Jayson Tatum
91%
Kevin Durant
91%
Klay Thompson
91%
Stephen Curry
91%
Brook Lopez
86%
Joel Embiid
86%
Kawhi Leonard
86%
Kyle Lowry
86%
Nikola Jokic
86%
Paul George
86%
Russell Westbrook
86%
Lou Williams
82%
Chris Paul
77%
Kyrie Irving
77%
Pascal Siakam
77%
Andre Drummond
73%
Blake Griffin
73%
Danny Green
68%
JJ Redick
68%
Paul Millsap
68%
Al Horford
64%
Ben Simmons
64%
Donovan Mitchell
64%
Jamal Murray
64%
Jimmy Butler
64%
D'Angelo Russell
59%
DeMar DeRozan
59%
Domantas Sabonis
59%
Rudy Gobert
59%
Clint Capela
55%
Nikola Vucevic
55%
Tobias Harris
55%
Danilo Gallinari
50%
Derrick Favors
50%
Eric Bledsoe
50%
Joe Ingles
50%
Khris Middleton
50%
LaMarcus Aldridge
50%
Myles Turner
50%
Malcolm Brogdon
45%
Steven Adams
41%
Bojan Bogdanovic
36%
Thaddeus Young
27%
Marc Gasol
18%
Montrezl Harrell
9%

Score Distribution

Percentile by Number Answered

Percent of People with Each Score

Your Score History

You have not taken this quiz